Les Putaclics De ZeratoR - Statistiques

Statistiques générales
  • Ce quiz a été pris 9 fois
    8 depuis la dernière actualisation
  • Le résultat moyen est 15 sur 83
Statistiques - réponses
Putaclic Reponse % Correct
Putaclic-59 Prince Adri
80%
Putaclic-10 Bois du lait
60%
Putaclic-22 Je me clone
60%
Putaclic-47 Lance tes sous
60%
Putaclic-13 Le Roi Zera
60%
Putaclic-85 Stream pas si tôt
60%
Putaclic-48 Cet oiseau bleu
40%
Putaclic-56 Donner comme jamais
40%
Putaclic-81 Ils me disent
40%
Putaclic-62 Indépendant
40%
Putaclic-HS 2 La fin du répit
40%
Putaclic-33 Le meilleur stream le voilà
40%
Putaclic-46 Ma Virtualité
40%
Putaclic-11 Star Wars
40%
Putaclic-05 20th Century Fox
20%
Putaclic-12 Abonne-toi ici
20%
Putaclic-31 Abonne-touah
20%
Putaclic-39 Abonneuh-toi
20%
Putaclic-54 Abonnez-vous donc ce soir
20%
Putaclic-52 Allez tiens
20%
Putaclic-75 Allo
20%
Putaclic-26 Amhai me jalouse
20%
Putaclic-64 Avec ZeratoR et fils
20%
Putaclic-68 Balanophages
20%
Putaclic-57 Ça c'est mon appât
20%
Putaclic-71 Ça va de soi
20%
Putaclic-18 C'est la Putaclic
20%
Putaclic-14 Déprimé
20%
Putaclic-80 Des années en or
20%
Putaclic-32 Donnez-moi l'argent
20%
Putaclic-43 Et des miettes
20%
Putaclic-15 Hey Viewer
20%
Putaclic-60 Humilité entière
20%
Putaclic-63 I hope you understand
20%
Putaclic-40 Il faut donner
20%
Putaclic-73 Je préfère la dignité
20%
Putaclic-67 Je te kickerai encore
20%
Putaclic-41 Je veux bien qu'tu t'abonnes
20%
Putaclic-76 L'amour des viouaires
20%
Putaclic-09 La Putaclic
20%
Putaclic-77 La vieweuse est puriste
20%
Putaclic-HS L'empire de la Zeraclure
20%
Putaclic-37 Le streamer du soleil
20%
Putaclic-38 Ma mascotte
20%
Putaclic-44 Millionaire
20%
Putaclic-23 Plein les poches
20%
Putaclic-36 Quand on arrive en stream
20%
Putaclic-82 Séduisant
20%
Putaclic-27 Si tu veux des loots
20%
Putaclic-72 Tous vos dons sont ma faiblesse
20%
Putaclic-30 Un streamer éternel
20%
Putaclic-25 Viens r'garder
20%
Putaclic-34 Viser la Thune
20%
Putaclic-50 Zera l'âne
20%
Putaclic-20 Zeralbator
20%
Putaclic-19 Zorro
20%
Putaclic-42 Amenez-moi
0%
Putaclic-55 Car j'en ai besoin
0%
Putaclic-70 Cent millions
0%
Putaclic-78 C'est pour ça
0%
Putaclic-83 Comme toi
0%
Putaclic-35 Donner
0%
Putaclic-49 Donnez moi vos euros
0%
Putaclic-61 En top donateur
0%
Putaclic-74 En trombe
0%
Putaclic-79 Est-ce la peine d'être furieux
0%
Putaclic-07 Final Fantasy
0%
Putaclic-06 Happy Tree Friends
0%
Putaclic-58 Il y a du monde
0%
Putaclic-66 Je lévite
0%
Putaclic-65 Je reste le plus fort
0%
Putaclic-28 Je séduis, j'suis glamour
0%
Putaclic-29 J'espère que tu vas souscrire
0%
Putaclic-24 J'te donne des sourires
0%
Putaclic-51 Les viewers réjouis
0%
Putaclic-17 Mediavision
0%
Putaclic-21 Participer à l'éclate
0%
Putaclic-16 Quand les viewers s'abonnent
0%
Putaclic-08 Suis-Le
0%
Putaclic-69 Toi l'Animal
0%
Putaclic-45 Trop de gens qui m'aiment
0%
Putaclic-84 Tu t'abonneras
0%
Putaclic-53 ZeratoR TV
0%
Aucun quiz correspondant
Distribution des résultats
% des personnes avec chaque résultat
Percentile par nombre de réponses
Votre historique - résultats
Vous n’avez pas pris ce quiz depuis la dernière actualisation